Tiere mit "N" aufzählen - Statistiken

Allgemein
  • Dieses Quiz wurde 382 mal gespielt
  • Das Durchschnittsergebnis liegt bei 6 aus 24
Antwortstatistiken
Tier mit N % Korrekt
Nashorn
92%
Nilpferd
84%
Nasenbär
56%
Natter
48%
Nachtigall
44%
Nacktschnecke
44%
Nacktmull
40%
Nutria
34%
Nachtfalter
30%
Narwal
27%
Nebelparder
20%
Nerz
20%
Nandu
19%
Nymphensittich
19%
Neufundländer
15%
Neuntöter
15%
Nebelkrähe
11%
Nashornkäfer
7%
Netzpython
5%
Nautilus
3%
Nachtpfauenauge
2%
Norwegische Waldkatze
2%
Nesselqualle
1%
Nesseltierchen
1%
Keine übereinstimmenden Quizze gefunden
Verteilung der Resultate
Anzahl Personen mit jedem Resultat
Perzentil nach korrekt beantworteten Fragen
Ihre Resultats-Entwicklung
Sie haben dieses Quiz noch nicht gespielt